LIBRARY & INFORMATION CENTRE, KCAET, TAVANUR

ONLINE PUBLIC ACCESS CATALOGUE (OPAC)

Unit operations of chemical engineering / (Record no. 1521)

MARC details
000 -LEADER
fixed length control field 00508cam a2200193ua 4500
020 ## - INTERNATIONAL STANDARD BOOK NUMBER
ISBN 0-07-044828-0
041 ## - LANGUAGE CODE
Language code of text/sound track or separate title eng
082 ## - DEWEY DECIMAL CLASSIFICATION NUMBER
Classification number 660.2842
Item number MCC/UN
100 ## - MAIN ENTRY--AUTHOR NAME
Personal name Mccabe, Warren.L .
245 ## - TITLE STATEMENT
Title Unit operations of chemical engineering /
250 ## - EDITION STATEMENT
Edition statement 4 /
260 ## - PUBLICATION, DISTRIBUTION, ETC. (IMPRINT)
Place of publication :
Name of publisher Mc Graw Hill Book Company ,
Year of publication 1985.
300 ## - PHYSICAL DESCRIPTION
Number of Pages 960 ; .
700 1# - ADDED ENTRY--PERSONAL NAME
Personal name Harriout, Peter .
700 1# - ADDED ENTRY--PERSONAL NAME
Personal name Smith, Julian.C .
942 ## - ADDED ENTRY ELEMENTS (KOHA)
Koha item type Books
Holdings
Withdrawn status Lost status Damaged status Home library Current library Date acquired Full call number Accession Number Koha item type
      KAUAET KAUAET 22/08/1986 660.2842 15505 Books
free website counter